Redstone in Minecraft - Statistics

General Stats
  • This quiz has been taken 120 times
  • The average score is 16 of 38
Answer Stats
Hint Answer % Correct
Where it comes from Redstone Ore
93%
9 of the above create this Redstone Block
92%
Dim light source used in redstone mechanics Redstone Torch
92%
Pushes blocks Piston
87%
Common type of door Piston Door
87%
The above mixed with a slimeball Sticky Piston
85%
Powers up redstone Lever
81%
Powers up redstone when you step on it Pressure Plate
81%
Powers up redstone Button
80%
When you mine the above it creates this Redstone Dust
78%
Renews signal strength Redstone Repeater
71%
Useful in redstone. Very sticky Slime Block
61%
Made from glowstone Redstone Lamp
52%
Type of rail used in redstone Powered Rail
51%
Storage item that powers up redstone Trapped Chest
47%
Goes on rails and can be really awesome with redstone Minecart
46%
One of the aboves modes Day
40%
Powers up redstone Daylight Sensor
37%
The color it is when in this mode... Yellow
36%
Item used in above Hopper
33%
And its color Blue
32%
Powers up redstone Tripwire Hook
29%
The other mode... Night
27%
Creates pulse signals Clock Circuit
26%
Special version of the above that only works when something is dropped on it Weighted Pressure Plate
24%
Powers up redstone Detector Rail
22%
Shoots TNT Cannon
19%
System the above is useful for Lighting
15%
Produces materials from a type of animal Automated Chicken Farm
11%
Classic trap Lava Pit
7%
Another name for it Monostable Circuit
6%
Important circuit Pulse Shortener
5%
Circuit used in door building Toggle Flip-Flop
5%
Door built into the side of a cliff Jeb Door
4%
Similar Arrow Launcher
2%
Very hard to make Potion Lab
2%
Stopping point of above Station
2%
Advanced version of above Dulexe Lighting
1%
No matching quizzes found
Score Distribution
Percent of People with Each Score
Percentile by Number Answered
Your Score History
You have not taken this quiz